000 00858cam a2200229 a 4500
001 000005774
005 20200929151759.0
008 770324s1966 uy f000 p spa
040 _aDO-SdBNP
_cFJUNF
_dDLC
082 _aU861.2
_bH565ó
100 1 _aHerrera y Reissig, Julio,
_d1875-1910.
_916346
245 1 0 _aObras poéticas /
_cJulio Herrera y Reissig ; prólogo, Alberto Zum Felde.
260 _aMontevideo, Uruguay :
_bMinisterio de Instrucción Pública y Previsión Social,
_c1966.
300 _axxxvii, 279 p. ;
_c20 cm.
490 0 _aBiblioteca Artigas.
490 0 _aClásicos uruguayos
_v113
650 4 _aPoesía uruguaya
_93846
650 4 _aLiteratura uruguaya
_ySIGLO XIX
_916344
700 1 _aFelde, Alberto Zum,
_epról.
_916347
830 0 _aBiblioteca Artigas.
_pClásicos uruguayos ;
_v113.
_916276
910 _aCatalogación por copia / LC
999 _c5570
_d5570